How Far Can We Trust and How to Interpret the RCA Indicators? Empirical Study

Empirická analýza, ktorá sa zaoberá niektorými problémami pri interpretácii Balassovho indexu odhalenej komparatívnej výhody (RCA). Ukážka, ako môže nesprávna klasifikácia štatistických údajov a nepresnosť údajov ovplyvniť hodnoty RCA a ako môže byť ovplyvnené konkurenčné umiestnenie jednotlivých od...

Descripción completa

Guardado en:
Detalles Bibliográficos
Autor principal: Kabát, Ladislav
Otros Autores: Pitoňáková, Renáta, 1967-
Formato: Capítulo de libro
Lenguaje:inglés
Materias:
Etiquetas: Agregar Etiqueta
Sin Etiquetas, Sea el primero en etiquetar este registro!

MARC

LEADER 00000naa a2200000 4500
001 0298577
005 20240502074527.5
041 0 |a eng 
044 |a SK 
245 1 0 |a How Far Can We Trust and How to Interpret the RCA Indicators? Empirical Study  |c Ladislav Kabát, Renáta Pitoňáková 
520 |a Empirická analýza, ktorá sa zaoberá niektorými problémami pri interpretácii Balassovho indexu odhalenej komparatívnej výhody (RCA). Ukážka, ako môže nesprávna klasifikácia štatistických údajov a nepresnosť údajov ovplyvniť hodnoty RCA a ako môže byť ovplyvnené konkurenčné umiestnenie jednotlivých odvetví a krajín na medzinárodnom trhu. 
610 2 0 |a štatistika 
610 2 0 |a údaje štatistické 
610 2 0 |a indexy 
610 2 0 |a konkurencieschopnosť 
610 2 0 |a analýza empirická 
100 1 |a Kabát, Ladislav 
700 1 |a Pitoňáková, Renáta, 1967-